000 01093nam a22002657a 4500
001 BD-DhSAU 9278
003 BD-DhSAU
005 20230301161345.0
008 150613b2018 bg a|||| m||| 00| 0 eng d
040 _aBD-DhSAU
082 _222
_a630.2
_bSh17
100 _aMD. SHAMIMUZZAMAN
_eRegistration No. # 19-10368
245 _aeffects of mg, s, zn, mn and b on growth, yield and oil content of sunflower /
_bMS thesis
260 _aSher-e-Bangla Agricultural University :
_bDepartment of Agricultural Chemistry,
_c2021
300 _avii, 45p. :
_bill. ;
_c30 cm.
500 _aMS thesis of Department of agricultural Chemistry, Faculty of Agriculture , Sher-e-Bangla Agricultural University, Dhaka, Bangladesh
504 _aIncludes bibliographical reference.
590 _aNazmul
650 _aeffects of mg, s, zn, mn and b
650 _asunflower
700 _aProf. Dr. Md. Abdur Razzaque
_eSuperviser
700 _aProf. Dr. Tahmina Akter
_eCo-superviser
856 _uhttp://archive.saulibrary.edu.bd:8080/xmlui/handle/123456789/4808
942 _2ddc
_cTHESIS
999 _c16667
_d16666